Odd Animal ABC's - Statistics

General Stats
  • This quiz has been taken 11 times
  • The average score is 9 of 26
Answer Stats
Picture Hint Answer % Correct
C Cow
100%
D Dog
100%
A Alligator
91%
V Vulture
73%
Y Yak
73%
Z Zebra
73%
I Ibis
45%
O Okapi
45%
Q Quetzal
45%
W Wombat
45%
B Blue-footed Booby
36%
E Echidna
36%
K Kudu
36%
N Numbat
27%
R Rockhopper Penguin
27%
U Umbrellabird
27%
S Serval
18%
F Fossa
9%
M Maned Wolf
9%
P Pink Fairy Armadillo
9%
X Xenops
9%
G Genet
0%
H Hyrax
0%
J Jerboa
0%
L Leaf-tailed Gecko
0%
T Tree Kangaroo
0%
No matching quizzes found
Score Distribution
Percent of People with Each Score
Percentile by Number Answered
Your Score History
You have not taken this quiz